Mrs. Dalloway - Orlando / (Record no. 338)

MARC details
000 -LÍDER
campo de controle de tamanho fixo 02495nam a2200361 4500
001 - NÚMERO DE CONTROLE
campo de controle 338
003 - IDENTIFICADOR DO NÚMERO DE CONTROLE
campo de controle OSt
005 - DATA E HORÁRIO DA ÚLTIMA TRANSAÇÃO
campo de controle 20250528074018.0
008 - CAMPO DE DADOS FIXOS--INFORMAÇÃO GERAL
campo de controle de tamanho fixo 250328b |||||||e |||| 00| 1 eng d
040 ## - FONTE DA CATALOGAÇÃO
Idioma da catalogação por
041 ## - CÓDIGO DE IDIOMA
Código do idioma do original e/ou traduções intermediárias do texto eng
Código do idioma do texto/trilha sonora ou título diferente por
082 ## - CDD - CLASSIFICAÇÃO DECIMAL DE DEWEY
Número de Classificação 823
Número do exemplar W913m
100 1# - ENTRADA PRINCIPAL--NOME PESSOAL
Nome pessoal Woolf, Virginia,
Datas associadas ao nome 1882-1941.
9 (RLIN) 701
240 ## - TÍTULO UNIFORME
Título uniforme Mrs. Dalloway - Orlando a Biography
245 ## - TÍTULO
Título Mrs. Dalloway - Orlando /
Indicação de responsabilidade, etc. Woolf, Virgínia ; Tradução de Mario Quintana e Cecília Meireles
260 ## - PUBLICAÇÃO, DISTRIBUIÇÃO, ETC.
Local de publicação, distribuição, etc. São Paulo
Nome do editor, distribuidor, etc. Abril
Data da publicação, distribuição, etc. 1972
300 ## - DESCRIÇÃO FÍSICA
Extensão 189 p.
Outros detalhes físicos (Mrs. Dalloway)
300 ## - DESCRIÇÃO FÍSICA
Extensão 220 p.
Outros detalhes físicos (Orlando)
490 1# - TÍTULO DA SÉRIE
Título da série Os imortais da Literatura Universal
Número do volume ou designação sequencial da série vol. 45
520 ## - NOTA DE RESUMO, ETC.
Resumo, etc. Considerado uma obra-prima, Mrs. Dalloway conta uma história das mais simples, que poderia ser resumida de forma banal na expressão "um dia na vida de uma mulher". Através da percepção do que se passa em torno e dentro de Clarissa Dalloway, Virginia Woolf escreveu, na verdade, a história da crise de um indivíduo, de uma classe, de uma sociedade e a do próprio romance.
520 ## - NOTA DE RESUMO, ETC.
Resumo, etc. Em Orlando: Uma Biografia, que Virginia Woolf considerava “simples brincadeira de criança”, “as férias de uma autora”, “uma escapadela depois desses livros sérios de experimentação poética, tão exigentes em matéria de forma”, “uma narrativa ao gênero de Defoe” para diverti-la, ela brinca com toda a seriedade não apenas com o leitor, a literatura e a pessoa biografada (no mundo chamado real, sua amiga e amante, Vita-Sackville West). Do mesmo modo que uma criança brinca (também com toda a seriedade) a fim de apreender o mundo em que vive e aprender a lidar com ele, ela busca captar nuances do ser a partir de temas como a história, as convenções sociais, as leis que governam os homens, os costumes de seu país, a política, o amor, o poder, a morte, o casamento, a busca de liberdade, a fantasia e a realidade, a busca de uma unidade identitária, a pluralidade de “eus”, as diferenças de sexo e gênero, a natureza e a civilização, o tempo, a geografia. E, mais que tudo, a própria literatura.
650 #0 - ASSUNTO--TERMO TÓPICO
Cabeçalho tópico ou nome geográfico Literatura Inglesa
9 (RLIN) 89
650 #0 - ASSUNTO--TERMO TÓPICO
Cabeçalho tópico ou nome geográfico Emponderamento
9 (RLIN) 32
650 #0 - ASSUNTO--TERMO TÓPICO
Cabeçalho tópico ou nome geográfico Drama
9 (RLIN) 18
650 #0 - ASSUNTO--TERMO TÓPICO
Cabeçalho tópico ou nome geográfico Psicológico
9 (RLIN) 85
650 #0 - ASSUNTO--TERMO TÓPICO
Cabeçalho tópico ou nome geográfico Clássicos
9 (RLIN) 77
655 #0 - TERMO DE ÍNDICE--GÊNERO E FORMA
Gênero/forma/ou termo foco Romance
655 #0 - TERMO DE ÍNDICE--GÊNERO E FORMA
Gênero/forma/ou termo foco Ficção
700 ## - ENTRADA ADICIONADA - NOME PESSOAL
Nome pessoal Mário Quintana
9 (RLIN) 506
Função do autor por extenso tradução
700 ## - ENTRADA ADICIONADA - NOME PESSOAL
Nome pessoal Cecília Meireles
Função do autor por extenso Tradução
9 (RLIN) 702
830 ## - ENTRADA SECUNDÁRIA DE SÉRIE--TÍTULO UNIFORME
Título uniforme Os Imortais da Literatura Universal
9 (RLIN) 461
Número do volume ou designação sequencial da série vol. 45
942 ## - ELEMENTOS DE ENTRADA ADICIONADOS (KOHA)
Fonte de classificação ou esquema de arquivamento Classificação decimal de Dewey
Ocultar no OPAC Não
Tipo de material Koha Livros
Holdings
Situação do descarte Situação das perdas Fonte de classificação ou esquema de arquivamento Status danificado Não pode ser emprestado Coleção Biblioteca de origem Biblioteca atual Localização na estante Data de aquisição Fonte de aquisição Total de empréstimos Número de chamada completo Código de barras Data de último acesso Data do preço efetivo Tipo de material Koha
    Classificação decimal de Dewey     Ficção Biblioteca Professor Eduardo Afonso de Castro Biblioteca Professor Eduardo Afonso de Castro Literatura Estrangeira 28.03.2025 doação   823 / W913m 2025-17292 28.03.2025 28.03.2025 Livros

Powered by Koha